000 00647cam a2200193 4500
999 _c75491
_d75491
005 20171031124458.0
008 171031b2005 mx ||||| |||| 00| 0 spa d
020 _a8497724143
050 0 4 _aHD5115.2.S6
_bJ56 2005
100 1 _aJiménez Galindo, José F
_eautor
245 1 0 _aGestión del absentismo por incapacidad laboral /
_cJosé F. Jiménez Galindo, Rosa Romay López.
250 _a1a. ed.
260 _aMadrid, España :
_bDYKINSON,
_c2005
300 _a285 p. ;
_c23 cm.
504 _aBibliografía : p. 271-285
650 7 _2Lemb
_aAbsentismo (Trabajo)
_zEspaña
650 7 _2Lemb
_aCompesaciones a los trabajadores
_zEspaña
700 1 _aRomay Lopez, Rosa
_eautor
942 _2lcc
_cLIB